000 00388nam a22001337a 4500
999 _c518784
_d518784
008 211102b ||||| |||| 00| 0 eng d
100 _aKrishnan, P.S.
_930071
245 _aMy mentor’s mentor
260 _aThe Administrator: Journal of LBSNAA
300 _a62(2), Mar, 2021: p.11-20
773 _aThe Administrator: Journal of LBSNAA
906 _aCIVIL SERVANTS
942 _cAR